[Event "Asia-ch U20 Girls"]
[Site "Tagaytay City"]
[Date "2022.11.22"]
[Round "5"]
[White "Cruz, Daniella Bianca"]
[Black "Susmita, Bhowmick"]
[Result "0-1"]
[WhiteElo "1233"]
[BlackElo "1331"]
[PlyCount "130"]
[EventDate "2022.11.19"]
[EventType "swiss"]
[EventRounds "9"]
[EventCountry "PHI"]
[SourceTitle "CBM 211 Extra"]
[Source "ChessBase"]
[SourceDate "2023.01.31"]
[SourceVersion "1"]
[SourceVersionDate "2023.01.31"]
[SourceQuality "1"]

1. e4 c5 2. Nf3 a6 3. a4 Nc6 4. g3 Nf6 5. Nc3 d6 6. Bg2 Bg4 7. h3 Bh5 8. d3 e6 9. 0-0 Be7 10. Qe1 0-0 11. Nh2 Nd4 12. Qd2 Rb8 13. f4 Bg6 14. f5 exf5 15. exf5 Bxf5 16. g4 Be6 17. Ne4 Nxe4 18. Bxe4 d5 19. Bg2 Qd6 20. Qd1 Bf6 21. c3 Be5 22. Nf3 Nxf3+ 23. Qxf3 b5 24. axb5 axb5 25. Bd2 d4 26. Rae1 Bg3 27. Bf4 Bxf4 28. Qxf4 Qxf4 29. Rxf4 dxc3 30. bxc3 Rfd8 31. Re5 b4 32. Rf1 Rxd3 33. Rxc5 Rxc3 34. Rxc3 bxc3 35. Rc1 Rc8 36. Be4 Bb3 37. Kf2 Kf8 38. Ke3 g6 39. Kd3 c2 40. Ke2 Ke7 41. Ke3 Rc3+ 42. Bd3 Bc4 43. Kd4 Rxd3+ 44. Kxc4 Rxh3 45. Rxc2 Rg3 46. Re2+ Kf6 47. Rf2+ Kg5 48. Rxf7 Rxg4+ 49. Kd5 h5 50. Rh7 h4 51. Ke5 Rg3 52. Ke4 Kg4 53. Rg7 Kh3 54. Kf4 g5+ 55. Rxg5 Rxg5 56. Kxg5 Kg3 57. Kh5 h3 58. Kg5 h2 59. Kh5 h1Q+ 60. Kg5 Qd5+ 61. Kf6 Kf4 62. Kg7 Kg5 63. Kh8 Qd7 64. Kg8 Kg6 65. Kh8 Qg7# 0-1

[Event "Eastern Asia-ch U18 Girls"]
[Site "Tornelo INT"]
[Date "2021.10.23"]
[Round "4"]
[White "Susmita, Bhowmick"]
[Black "Le, Thai Nga"]
[Result "1-0"]
[WhiteElo "1164"]
[BlackElo "1631"]
[PlyCount "65"]
[EventDate "2021.10.22"]
[EventType "swiss"]
[EventRounds "9"]
[EventCountry "NET"]
[SourceTitle "EXT 2023"]
[Source "ChessBase"]
[SourceDate "2022.10.05"]
[SourceVersion "1"]
[SourceVersionDate "2022.10.05"]
[SourceQuality "1"]

1. d4 d5 2. Nf3 e6 3. Bf4 f5 4. e3 Nf6 5. Nbd2 Bd6 6. Be5 c6 7. Be2 0-0 8. 0-0 Ne4 9. Bxd6 Qxd6 10. Ne5 Nd7 11. Ndf3 Qb4 12. Rb1 a5 13. c4 a4 14. a3 Qa5 15. Rc1 f4 16. Bd3 fxe3 17. fxe3 Ndf6 18. g4 Qd8 19. g5 Nd7 20. h4 Nd6 21. Qc2 Nf5 22. cxd5 cxd5 23. Ng4 Qe8 24. Qh2 Qh5 25. Qh3 h6 26. Rc7 hxg5 27. Nxg5 Nf6 28. Ne5 Nxh4 29. Qg3 Nf5 30. Bxf5 exf5 31. Rxg7+ Kxg7 32. Ne6+ Kh6 33. Qg7# 1-0

[Event "Eastern Asia-ch U18 Girls"]
[Site "Tornelo INT"]
[Date "2021.10.22"]
[Round "1"]
[White "Bristy, Mukherjee"]
[Black "Susmita, Bhowmick"]
[Result "1-0"]
[WhiteElo "1599"]
[BlackElo "1164"]
[PlyCount "53"]
[EventDate "2021.10.22"]
[EventType "swiss"]
[EventRounds "9"]
[EventCountry "NET"]
[SourceTitle "EXT 2023"]
[Source "ChessBase"]
[SourceDate "2022.10.05"]
[SourceVersion "1"]
[SourceVersionDate "2022.10.05"]
[SourceQuality "1"]

1. d4 Nf6 2. Bg5 d6 3. e3 Nbd7 4. Nd2 g6 5. Bc4 Bg7 6. Ngf3 0-0 7. 0-0 b6 8. e4 e5 9. dxe5 dxe5 10. Bd5 Rb8 11. Re1 Re8 12. Nc4 Ba6 13. Ne3 Nc5 14. Bxf6 Qxf6 15. b4 Ne6 16. Ng4 Qe7 17. c3 Nf4 18. Qa4 Be2 19. Qb3 Bxf3 20. gxf3 Red8 21. Rad1 Qh4 22. Bxf7+ Kh8 23. Rxd8+ Rxd8 24. Rd1 Rf8 25. Rd2 Nh3+ 26. Kf1 Ng5 27. Rd7 1-0